'R' in Disney Quiz Stats

 Plays Quiz not verified by Sporcle

Support Sporcle.
Go Orange.
Score 0/20 Timer 10:00
0 Plays Today
Hint Answer % Correct
Thumper in “Bambi” is this type of animalRabbit
94.1%
This hero of Nottingham robs the rich and gives to the poorRobin Hood
93.6%
The golden haired princess of “Tangled”Rapunzel
93.2%
Sven, the loyal pet and friend of Kristoff in “Frozen” is this type of animalReindeer
92%
This young joey is the playful and energetic baby son of Kanga in the “Winnie the Pooh” cartoonsRoo
91.5%
The wise old baboon/mandrill who knocks some sense into SimbaRafiki
89.1%
In “Mulan”, the wise Emperor says, “A single grain of _______ can tip the scale”Rice
88.2%
Jasmine’s protective pet tigerRajah
86.9%
This actor provided the voice of the Genie in “Aladdin”Robin Williams
86.3%
The owner of Pongo and husband of AnitaRoger Radcliffe
71.5%
Hint Answer % Correct
The song that plays after Mulan returns home following a failed attempt to impress her matchmakerReflection
70.1%
Chip, Dale, Moneterey Jack, Gadget and Zipper together form theRescue Rangers
56.7%
He is the main villain in 'The Great Mouse Detective'Ratigan
51.8%
The romantic firefly who helps Naveen and Tiana in “The Princess and the Frog”Ray
50.9%
The red-haired beauty who is the love interest of Max in “A Goofy Movie”Roxanne
38.6%
This oddly named hamster is a huge fan of Bolt and helps the titular dog in his journeyRhino
31.7%
The two Canadian moose who appear in “Brother Bear” are ________ and TukeRutt
31%
The little mouse who is good friends with Duchess and her three kittens in “The Aristocats”Roquefort
29.8%
He is the captain of the guards in 'Aladdin'Razoul
20.5%
This wolf and his mate Raksha raise Mowgli as their own cub in “The Jungle Book” (1967)Rama
15.5%

You're not logged in!

Compare scores with friends on all Sporcle quizzes.
OR
Log In

From the Vault

'Wood' Things

by babymonkee

Are we out of the woods yet?
Remove Ads.
Support Sporcle.
Get the best of Sporcle when you Go Orange. This ad-free experience offers more features, more stats, and more fun while also helping to support Sporcle. Thank you for becoming a member.

Show Comments

Extras

Top Quizzes Today


Score Distribution

Your Account Isn't Verified!

In order to create a playlist on Sporcle, you need to verify the email address you used during registration. Go to your Sporcle Settings to finish the process.

Report this User

Report this user for behavior that violates our Community Guidelines.

Details: